| 000 | 00380nam a22001217a 4500 | ||
|---|---|---|---|
| 082 | _a342.547 | ||
| 100 | _aMalik, Nafeer A. | ||
| 245 |
_aThe Constitution of the Islamic Republic of Pakistan, 1973 / _cNafeer A. Malik |
||
| 260 |
_aLahore : _bIrfan Law Book House, _c2020. |
||
| 300 |
_a199 p. ; _c24cm. |
||
| 942 |
_2ddc _cBK |
||
| 999 |
_c540975 _d540975 |
||